000 00590nam a2200217 a 4500
001 BRCA_8299
005 20190320210221.0
008 180614s1900----fr-a###f##---#000-0#fre-#
041 _afre
044 _afr
050 4 _aPQ2635
_b.D65 1900
100 1 _aDoinet, Victor
_920721
245 1 0 _aPhysiologie du séducteur
_cpar Victor Doinet.
260 _aParis
_bRozier
_c[1900]
300 _a1 v. (paginación variada)
_bil.
_c13 cm.
500 _aEstado físico: lomo roto y desprendido
500 _aS113
650 1 4 _aSeducción
_vLiteratura
_920722
902 _aGFM
942 _2lcc
_cB
999 _c7967
_d7967